| Поле | Инд. | ПП | Название | Значение |
|---|---|---|---|---|
| Тип записи | a | |||
| Библиографический уровень | a | |||
| 001 | Контрольный номер | RU/IS/BASE/446727560 | ||
| 005 | Дата корректировки | 20140226105920.9 | ||
| 020 | a | ISBN | 978-5-7609-0781-3 | |
| 040 | a | Служба первич. каталог. | НБ ТвГУ | |
| b | Код языка каталог. | rus | ||
| e | Правила каталог. | PSBO | ||
| 041 | 0_ | a | Код языка текста | rus |
| 100 | 1_ | a | Автор | Тимашева Оксана Владимировна |
| q | Полное имя | Тимашева О. В. | ||
| 245 | 10 | a | Заглавие | Научный кругозор Ролана Барта. Авторитеты и приоритеты |
| 246 | _0 | a | Другая форма заглавия | Авторитеты и приоритеты |
| 260 | a | Место издания | Москва | |
| b | Издательство | Тверской государственный университет | ||
| c | Дата издания | 2012 | ||
| 504 | a | Библиография | Библиогр.: с. 152 (9 назв.) | |
| 520 | a | Аннотация | В статье рассматривается многоаспектность научной жизни Ролана Барта. | |
| 653 | a | Ключевые слова | Барт Ролан | |
| 653 | 1_ | a | Ключевые слова | Лингвистика |
| 653 | 1_ | a | Ключевые слова | Семиология |
| 653 | 1_ | a | Ключевые слова | Психолингвистика |
| 653 | 1_ | a | Ключевые слова | Социолингвистика |
| 653 | 1_ | a | Ключевые слова | Научный кругозор |
| 653 | 1_ | a | Ключевые слова | Авторитеты |
| 653 | 1_ | a | Ключевые слова | Приоритеты |
| 773 | 08 | w | Контрольный № источника | RU/IS/BASE/429802814 |
| t | Название источника | Язык и коммуникация в контексте образования и культуры | ||
| d | Место и дата издания | Москва ; Тверь : Тверской государственный университет, 2012 | ||
| g | Прочая информация | Вып. 4. - С. 141-152 | ||
| 901 | t | Тип документа | a | |
| 920 | a | Оператор | Нови |